LEADER 06542nam 2200649Ia 450 001 9910778200203321 005 20230721022330.0 010 $a1-282-59449-4 010 $a9786612594496 010 $a90-420-2598-0 010 $a1-4416-1704-3 024 7 $a10.1163/9789042025981 035 $a(CKB)1000000000786574 035 $a(EBL)556887 035 $a(OCoLC)642819533 035 $a(SSID)ssj0000414992 035 $a(PQKBManifestationID)12130725 035 $a(PQKBTitleCode)TC0000414992 035 $a(PQKBWorkID)10408983 035 $a(PQKB)10899031 035 $a(MiAaPQ)EBC556887 035 $a(OCoLC)421809198 035 $a(nllekb)BRILL9789042025981 035 $a(Au-PeEL)EBL556887 035 $a(CaPaEBR)ebr10380326 035 $a(CaONFJC)MIL259449 035 $a(EXLCZ)991000000000786574 100 $a20090517d2009 uy 0 101 0 $aeng 135 $aur|n|---||||| 181 $ctxt 182 $cc 183 $acr 200 00$aCorpus linguistics$b[electronic resource] $erefinements and reassessments /$fedited by Antoinette Renouf and Andrew Kehoe 210 $aAmsterdam ;$aNew York, NY $cRodopi$d2009 215 $a1 online resource (471 p.) 225 1 $aLanguage and computers ;$vno. 69 300 $aDescription based upon print version of record. 311 $a90-420-2597-2 320 $aIncludes bibliographical references. 327 $tPreliminary material /$rEditors Corpus Linguistics -- $tIntroduction. Corpus Linguistics: Refinements and Reassessments /$rAntoinette Renouf and Andrew Kehoe -- $tCorpus linguistics meets sociolinguistics: the role of corpus evidence in the study of sociolinguistic variation and change /$rChristian Mair -- $tCreating corpora from spoken legacy materials: variation and change meet corpus linguistics /$rJoan C. Beal -- $tDiscourse linguistics meets corpus linguistics: theoretical and methodological issues in the troubled relationship /$rTuija Virtanen -- $t'Tis well known to barbers and laundresses: Overt references to knowledge in English medical writing from the Middle Ages to the Present Day /$rTuro Hiltunen and Jukka Tyrkkö -- $tComparing type counts: The case of women, men and -ity in early English letters /$rTanja Säily and Jukka Suomela -- $tDoes English have modal particles? /$rKarin Aijmer -- $tA reassessment of the syntactic classification of pragmatic expressions: the positions of you know and I think with special attention to you know as a marker of metalinguistic awareness /$rJulie Van Bogaert -- $tThe functions of expletive interjections in spoken English /$rMagnus Ljung -- $tChange and constancy in linguistic change: How grammatical usage in written English evolved in the period 1931-1991 /$rGeoffrey Leech and Nicholas Smith -- $tJoseph Wright?s ?English Dialect Dictionary? in electronic form: A critical discussion of selected lexicographic parameters and query options /$rAlexander Onysko , Manfred Markus and Reinhard Heuberger -- $tHow representative are the ?Philosophical Transactions of the Royal Society? of 17th-century scientific writing? /$rLilo Moessner -- $tA multi-dimensional analysis of a learner corpus /$rBertus van Rooy and Lize Terblanche -- $tWeaving web data into a diachronic corpus patchwork /$rAndrew Kehoe and Matt Gee -- $t?To each reader his, their or her pronoun?. Prescribed, proscribed and disregarded uses of generic pronouns in English /$rElisabetta Adami -- $tThe interpersonal function of going to in written American English /$rAnna Belladelli -- $tRe-analysing the semi-modal ought to: an investigation of its use in the LOB, FLOB, Brown and Frown corpora /$rMarta Degani -- $tOn the use of split infinitives in English /$rJavier Calle-Martín and Antonio Miranda-García -- $tExploring change in the system of English predicate complementation, with evidence from corpora of recent English /$rJuhani Rudanko -- $tEncoding of goal-directed motion vs resultative aspect in the COME + infinitive construction /$rSara Gesuato -- $tA corpus-based analysis of invariant tags in five varieties of English /$rGeorgie Columbus -- $tDiscourse presentation in EFL textbooks: a BNC-based study /$rChristoph Rühlemann -- $tAwful adjectives: a type of semantic change in present-day corpora /$rGöran Kjellmer -- $tGlobal English ? Global Corpora: Report on a panel discussion at the 28th ICAME conference /$rMarianne Hundt. 330 $aThroughout history, linguists and literary scholars have been impelled by curiosity about particular linguistic or literary phenomena to seek to observe them in action in original texts. The fruits of each earlier enquiry in turn nourish the desire to continue to acquire knowledge, through further observation of newer linguistic facts. As time goes by, the corpus linguist operates increasingly in the awareness of what has gone before. Corpus Linguistics, thirty years on, is less an innocent sortie into corpus territory on the basis of a hunch than an informed, critical reassessment of existing analytical orthodoxy, in the light of new data coming on stream. This volume comprises twenty-two articles penned by members of the ICAME (International Computer Archive of Modern and Mediaeval English) association, which together provide a critical and informed reappraisal of the facts, data, methods and tools of Corpus Linguistics which are available today. Authors reconsider the boundaries of the discipline, exploring its areas of commonality with Sociolinguistics, Language Variation, Discourse Linguistics, and Lexical Statistics and showing how that commonality is potentially of immense benefit to practitioners in the fields concerned. The volume culminates in the report of a timely and novel expert panel discussion on the role of Corpus Linguistics in the study of English as a global language. This encompasses issues such as English as an international lingua franca, ?norms? for global English, and the question of ?ownership?, or who qualifies as a native speaker. 410 0$aLanguage and computers ;$vno. 69. 606 $aCorpora (Linguistics) 606 $aLinguistic analysis (Linguistics) 615 0$aCorpora (Linguistics) 615 0$aLinguistic analysis (Linguistics) 676 $a420/.285 701 $aKehoe$b Andrew$01481878 701 $aRenouf$b Antoinette$01481879 801 0$bMiAaPQ 801 1$bMiAaPQ 801 2$bMiAaPQ 906 $aBOOK 912 $a9910778200203321 996 $aCorpus linguistics$93699151 997 $aUNINA LEADER 05736nam 22007095 450 001 9910634034303321 005 20251225212321.0 010 $a9783031197451 010 $a3031197453 024 7 $a10.1007/978-3-031-19745-1 035 $a(MiAaPQ)EBC7156599 035 $a(Au-PeEL)EBL7156599 035 $a(CKB)25657400500041 035 $a(DE-He213)978-3-031-19745-1 035 $a(PPN)267813066 035 $a(EXLCZ)9925657400500041 100 $a20221209d2022 u| 0 101 0 $aeng 135 $aurcnu|||||||| 181 $ctxt$2rdacontent 182 $cc$2rdamedia 183 $acr$2rdacarrier 200 10$aIntertwining Graphonomics with Human Movements $e20th International Conference of the International Graphonomics Society, IGS 2021, Las Palmas de Gran Canaria, Spain, June 7-9, 2022, Proceedings /$fedited by Cristina Carmona-Duarte, Moises Diaz, Miguel A. Ferrer, Aythami Morales 205 $a1st ed. 2022. 210 1$aCham :$cSpringer International Publishing :$cImprint: Springer,$d2022. 215 $a1 online resource (360 pages) 225 1 $aLecture Notes in Computer Science,$x1611-3349 ;$v13424 311 08$aPrint version: Carmona-Duarte, Cristina Intertwining Graphonomics with Human Movements Cham : Springer International Publishing AG,c2023 9783031197444 320 $aIncludes bibliographical references and index. 327 $aForensic Handwriting Examination -- Forensic Handwriting Examination at IGS conferences: A review by numbers -- Impact of Writing Order Recovery in Automatic Signature Verification -- Spiral based Run-Length Features for Offline Signature Verification -- Historical Documents -- Transcript Alignment for Historical Handwritten Documents: The MiM Algorithm -- Improving handwriting recognition for historical documents using synthetic text lines -- Writer Retrieval and Writer Identification in Greek Papyri -- Handwriting Learning And Development -- Enhanced Physiological Tremor in Normal Ageing: Kinematic and Spectral Analysis of Elderly Handwriting -- Comparison between two Sigma-Lognormal extractors with primary schools students handwriting -- Effects of a graphomotor intervention on the Graphic Skills of children: an analysis with the Sigma-Lognormal model -- Copilotrace: a platform to process graphomotor tasks for education and graphonomics research -- Automatic Age Detection from Handwritten Documents -- Measuring the Big Five Factors from Handwriting using Ensemble Learning Model AvgMlSC -- Recognition of Psychological Wartegg Hand-drawings -- Motor Control -- iDeLog3D: Sigma-Lognormal Analysis of 3DHuman Movements -- Should we look at curvature or velocity to extract a Motor Program? -- The RPM3D project: 3D Kinematics for Remote Patient Monitoring -- Age Reduces Motor Asymmetry in Graphic Task -- Motor Movement Data Collection from Older People with Tablets and Digital Pen-based Input Devices -- Handwriting For Neurodegenerative Disorders -- Prodromal Diagnosis of Lewy Body Diseases Based on the Assessment of Graphomotor and Handwriting Difficulties -- Generation of synthetic drawing samples to diagnose Parkinson's disease -- Early dementia identification: on the use of random handwriting strokes -- Spectral Analysis of Handwriting Kinetic Tremor in Elderly Parkinsonian Patients -- Exploration of Various Fractional Order Derivatives in Parkinson?s Disease Dysgraphia Analysis -- Lognormal features for early Diagnosis of Alzheimer?s Disease through handwriting analysis -- Easing Automatic Neurorehabilitation via Classification and Smoothness Analysis -- Signature Execution in Alzheimer?s disease: an analysis of motor features. 330 $aThis book constitutes the proceedings of the 20th International Conference of the International Graphonomics Society, IGS 2021/2022. Originally planned to be celebrated in September 2021, due to the COVID-19 pandemic it was held in June 2022. The 36 full and 3 short papers presented at the conference were carefully reviewed and selected from 41 submissions and reviewed by a committee of 67 reviewers. Out of the 41 conferences, 26 papers were selected to be published in this proceedings. The program was comprised of 6 oral sessions on the following topics: historical documents, forensic handwriting examinations, handwriting learning and development, and motor control. One additional poster session included papers on all previous topics, and three special sessions included papers on neurodegenerative disorders. 410 0$aLecture Notes in Computer Science,$x1611-3349 ;$v13424 606 $aDatabase management 606 $aComputer engineering 606 $aComputer networks 606 $aImage processing$xDigital techniques 606 $aComputer vision 606 $aArtificial intelligence 606 $aDatabase Management 606 $aComputer Engineering and Networks 606 $aComputer Imaging, Vision, Pattern Recognition and Graphics 606 $aArtificial Intelligence 615 0$aDatabase management. 615 0$aComputer engineering. 615 0$aComputer networks. 615 0$aImage processing$xDigital techniques. 615 0$aComputer vision. 615 0$aArtificial intelligence. 615 14$aDatabase Management. 615 24$aComputer Engineering and Networks. 615 24$aComputer Imaging, Vision, Pattern Recognition and Graphics. 615 24$aArtificial Intelligence. 676 $a943.005 676 $a155.282 702 $aCarmona-Duarte$b Cristina 801 0$bMiAaPQ 801 1$bMiAaPQ 801 2$bMiAaPQ 906 $aBOOK 912 $a9910634034303321 996 $aIntertwining graphonomics with human movements$93088626 997 $aUNINA